[Event "It (open)"]
[Site "masterchessopen.com El Sauzal (Spain)"]
[Round "8"]
[White "Cifuentes Parada Roberto (ESP)"]
[Black "Korneev Oleg (RUS)"]
[Result "0-1"]
[WhiteElo "2540"]
[BlackElo "2583"]

{ Cifuentes Parada Roberto (ESP) +2 =3 -0 Korneev Oleg (RUS) +1 =3 -0 } 1.d4 {
1 } 1...d5 2.c4 e6 3.Nf3 Nf6 4.Nc3 c6 5.e3 Nbd7 6.Bd3 dxc4 7.Bxc4 b5 8.Bd3 Bb7
( 8...b4 9.Ne4 Be7 10.Nxf6+ Nxf6 11.Qe2 Bb7 12.e4 Nd7 13.O-O O-O 14.Be3 c5
15.Rfd1 cxd4 16.Bxd4 Qa5 17.Nd2 Rfd8 18.Nc4 Qg5 19.Be3 Qg6 20.Na5 Bxe4 21.Bxe4
Qxe4 22.Rd4 Qf5 23.Nc6 Bf6 24.Rf4 Qd5 25.Nxd8 Rxd8 26.Rxb4 Nb6 27.g3 Qd6
28.Rb3 { ...1/2-1/2, Vasquez Rodrigo 2481 - Korneev Oleg 2600 , Coria del Rio
2003 It (open) } ) 9.e4 ( 9.O-O a6 10.e4 c5 11.d5 c4 12.Bc2 Qc7 13.Qe2 Bd6
14.Bg5 O-O-O 15.dxe6 fxe6 16.Rad1 h6 17.Bh4 Ne5 18.Nd4 Rhe8 19.Bg3 Qc5 20.Kh1
Bc7 21.Nf3 g5 22.Nxe5 Bxe5 23.Bxe5 Qxe5 24.a4 Rxd1 25.Rxd1 Rd8 26.Ra1 b4
27.Qxc4+ Kb8 28.Rd1 Rxd1+ { ...1-0, Cifuentes Parada Roberto 2490 -
Brenninkmeijer Joris 2500 , Eindhoven 1992 Ch Netherlands } ) 9...b4 10.Na4 c5
11.e5 Nd5 12.O-O cxd4 13.Re1 Be7 14.Nxd4 O-O { ?/= } 15.Qh5 ( 15.Qg4 Kh8
16.Bd2 Rc8 17.Rac1 Rxc1 18.Bxc1 N7b6 19.Nxb6 Nxb6 20.Re3 g6 21.Rh3 Bd5 22.Qf4
f5 23.exf6 Rxf6 24.Rxh7+ Kxh7 25.Qh6+ Kg8 26.Bxg6 Rxg6 27.Qxg6+ Kh8 28.Qh6+
Kg8 29.Nxe6 Bxe6 30.Qg6+ Kh8 31.Qh6+ Kg8 32.Qxe6+ Kh8 33.Qh6+ Kg8 34.Qg6+ Kh8
{ ...1-0, Speelman Jonathan S 2645 - Ribli Zoltan 2630 , Reykjavik 1988 Cup
World (cat.15) } ) 15...g6 16.Qg4 { N ^254 ^00 ^00 ^00 ^04 ! } ( 16.Qh6 Nxe5
17.Rxe5 Nf6 18.Qf4 Bd6 19.Qg3 ( 19.Nc5 Bd5 20.Ndb3 a5 21.Rxd5 Nxd5 22.Qd4 Qe7
23.Na6 Bxh2+ 24.Kh1 Qd6 25.Nbc5 Be5 26.Qe4 Bg7 27.Qe2 Rfc8 28.Ne4 Qb6 29.Bg5
h6 30.Bd2 Bxb2 31.Rb1 Bg7 32.a3 b3 33.Bb5 b2 34.a4 f5 35.Nec5 Rxc5 { ...0-1,
Bui Vinh 2444 - Papp Gellert 2275 , Budapest 2002 It (cat.2) } ) 19...Nd7
20.Bf4 Qf6 21.Be4 Bxe5 22.Bxe5 Nxe5 23.Bxb7 Rad8 24.Nc6 Nxc6 25.Bxc6 Qf5
26.Qb3 Rd4 27.Bf3 Rc8 28.Qe3 e5 29.h3 Rc7 30.Re1 f6 31.Qb3+ Kg7 32.Bg4 Qc2
33.Qxc2 Rxc2 34.Be6 h5 35.Bb3 Rc7 { ...0-1, Dyachkov Sergej 2543 - Dreev
Alexey 2676 , Smolensk 2000 Ch Russia (club) } ) 16...Nxe5 { ?! } ( 16...Qc7 {
!? } 17.Qg3 Qa5 18.b3 Nc5 { } ) 17.Rxe5 Nf6 18.Qf4 Bd6 19.Nc5 ( 19.Qg3 Nd7
20.Bf4 Qf6 21.Be4 Bxe5 22.Bxe5 Nxe5 23.Bxb7 Rad8 24.Nc6 Nxc6 25.Bxc6 Qf5
26.Qb3 Rd4 27.Bf3 Rc8 28.Qe3 e5 29.h3 Rc7 30.Re1 f6 31.Qb3+ Kg7 32.Bg4 Qc2
33.Qxc2 Rxc2 34.Be6 h5 35.Bb3 Rc7 36.Kf1 h4 37.Rd1 Rxd1+ 38.Bxd1 e4 { ...0-1,
Dyachkov Sergej 2543 - Dreev Alexey 2676 , Smolensk 2000 Ch Russia (club) } )
( 19.Qg5 Be7 20.Qf4 Bd6 21.Qg5 Be7 22.Qf4 { 1/2-1/2, Ippolito Dean 2393 -
Sinkevich P 2337 , Witley 2001 It (young masters) } ) 19...Bd5 { } 20.Ncb3 { N
} ( 20.Ndb3 { 1/2-1/2, Greenfeld Alon 2535 - Speelman Jonathan S 2590 ,
Tilburg 1992 It (play-off) "Interpolis" } ) 20...Bxb3 { ? } ( { ? } 20...Nd7
21.Rxd5 Bxf4 22.Rxd7 Bxh2+ { } ) 21.axb3 { ? } ( { ? } 21.Nc6 Nd5 22.Qh6 Qf6
23.Rh5 { } ) {#R} 0-1

[Event "Ch Europe"]
[Site "masterchessopen.com Istanbul (Turkey)"]
[Round "12"]
[White "Vaganian Rafael A (ARM)"]
[Black "Korobov Anton (UKR)"]
[Result "1-0"]
[WhiteElo "2640"]
[BlackElo "2572"]

{ Vaganian Rafael A (ARM) +6 =6 -2 Korobov Anton (UKR) +0 =1 -1 } 1.c4 { 1 }
1...e6 2.Nc3 d5 3.d4 c6 4.e3 Nf6 5.Nf3 Nbd7 6.Bd3 dxc4 7.Bxc4 b5 8.Bd3 Bb7
9.e4 b4 10.Na4 c5 11.e5 Nd5 12.Nxc5 ( 12.O-O cxd4 13.Re1 g6 14.Bg5 Qa5 15.Nxd4
a6 16.a3 bxa3 17.bxa3 Bg7 18.Bd2 Qd8 19.Nf3 O-O 20.Rc1 Rc8 21.Qe2 Rxc1 22.Rxc1
Qc7 { 1/2-1/2, Vaganian Rafael A 2585 - Kramnik Vladimir 2490 , Moscow 1991 It
(open) } ) 12...Nxc5 13.dxc5 Bxc5 14.O-O { = } 14...Qb6 ( 14...h6 15.Nd2 O-O
16.Ne4 Bd4 17.Nd6 Bc6 18.Bh7+ Kxh7 19.Qxd4 f6 20.Bd2 fxe5 21.Qe4+ Kg8 22.Qxe5
Qd7 23.Rfe1 Rad8 24.Nc4 Nb6 25.Nxb6 Qxd2 26.Qxe6+ Kh8 27.Qxc6 Qxf2+ 28.Kh1
axb6 29.b3 Rd2 30.Re8 Rxa2 31.Rc1 Re2 32.Rxf8+ Qxf8 33.Qxb6 Qf4 34.Qd8+ {
...0-1, Radjabov Teimour 2624 - Shirov Alexei 2723 , Sarajevo 2003 It (cat.16)
} ) 15.Ng5 { N } ( 15.Nd2 Rd8 16.Nc4 Qc7 17.Qg4 O-O 18.Bg5 f5 19.exf6 Nxf6
20.Qxe6+ Kh8 21.Rad1 Rd5 22.Bh4 Bc8 23.Qe1 Re8 24.Qd2 Bg4 25.Qc2 Bxd1 26.Rxd1
Qd7 27.h3 Rd8 28.Kh2 Rxd3 29.Ne5 Bd6 { 0-1, Krivoshey Sergei 2461 - Novitzkij
Dmitrij 2422 , Minsk 2001 Cup Russia (open) } ) ( 15.Qe2 h6 16.Bd2 O-O-O
17.Rac1 Kb8 18.Rfd1 Rd7 19.g3 Rhd8 20.Bb5 Rc7 21.Be1 Rdc8 22.Nd2 Ne3 23.Bd3
Nxd1 24.Rxc5 Rxc5 25.Qxd1 Rc1 26.Qe2 Rd8 { 0-1, Hafner Robert 2225 -
Kwatschewsky Leo 2280 , Velden 1995 It (open) } ) 15...Rd8 16.Qh5 Rd7 17.Nxh7
Kd8 18.Bg5+ { ? } ( { ? } 18.Qg5+ Ne7 19.Qg3 Qc6 20.Ng5 { } ) 18...f6 19.Bh4 {
? } ( { ? } 19.Bc1 Bd4 20.Qg4 Bxe5 21.Bg6 { } ) 19...g5 { ? } ( { ? } 19...Nf4
20.exf6 Kc8 21.Qg4 Nxd3 { } ) 20.exf6 { ?! } ( 20.Bg3 { !? } 20...Qc6 21.Qf3
f5 22.Nxg5 { } ) 20...gxh4 21.f7 Qc6 { ? } ( { ? } 21...Nf6 22.Qe5 Rxf7 23.Ng5
Ke7 { } ) 22.Be4 { ? } ( 22.Qg5+ { ! } 22...Kc8 23.Rac1 Rxf7 24.Rxc5 { } )
22...Be7 { ? } ( { ? } 22...Kc8 23.Rac1 Rdd8 24.Bxd5 exd5 { } ) 23.Qg6 Rxh7
24.Qg8+ Kc7 25.Rac1 { } {#r} 1-0

[Event "It (open)"]
[Site "masterchessopen.com Nikea (Greece)"]
[Round "1"]
[White "Avrukh Boris (ISR)"]
[Black "Iatros Aristidis (GRE)"]
[Result "1-0"]
[WhiteElo "2614"]
[BlackElo "2087"]

1.d4 d5 2.c4 c6 3.Nc3 Nf6 4.e3 e6 5.Nf3 Nbd7 6.Bd3 dxc4 7.Bxc4 b5 8.Bd3 b4
9.Ne4 Nxe4 10.Bxe4 Bb7 11.O-O Nf6 12.Bd3 Be7 13.e4 O-O 14.e5 Nd5 15.Qc2 h6
16.Qe2 f5 17.exf6 Nxf6 18.Qxe6+ Kh8 19.Ne5 Qe8 20.Ng6+ {#r} 1-0

[Event "It (open)"]
[Site "masterchessopen.com San Sebastian (Spain)"]
[Round "2"]
[White "Manso Marquez Felix (ESP)"]
[Black "Cifuentes Parada Roberto (ESP)"]
[Result "0-1"]
[WhiteElo "2095"]
[BlackElo "2540"]

1.d4 d5 2.c4 c6 3.Nf3 Nf6 4.e3 e6 5.Nc3 Nbd7 6.Bd3 dxc4 7.Bxc4 b5 8.Bd3 Bd6
9.Qc2 Bb7 10.O-O O-O 11.a3 a6 12.Ne4 Nxe4 13.Bxe4 f5 14.Bd3 c5 15.dxc5 Nxc5
16.Nd4 Rc8 17.f4 Bd5 {#R} 0-1

[Event "Ch Segunda Silla"]
[Site "masterchessopen.com Silla (Spain)"]
[Round "3"]
[White "Navarro Diaz Carles (ESP)"]
[Black "Romero Cuerda Jose Luis (ESP)"]
[Result "0-1"]
[WhiteElo "2100"]
[BlackElo "1677"]

1.d4 d5 2.c4 e6 3.Nc3 Nf6 4.Nf3 c6 5.e3 Nbd7 6.Bd3 dxc4 7.Bxc4 Bb4 8.Bd2 O-O
9.O-O a6 10.h3 b5 11.Bd3 c5 12.e4 cxd4 13.Nxd4 Ne5 14.Be3 Bxc3 15.bxc3 Bb7
16.f3 Nxd3 17.Qxd3 e5 18.f4 Bxe4 19.Qe2 exd4 20.Bxd4 Bd5 21.Rad1 Bc4 22.Bc5
Bxe2 23.Rxd8 Rfxd8 24.Re1 Rd1 {#R} 0-1

[Event "Ch Poland (team) (1 liga)"]
[Site "masterchessopen.com Ustron (Poland)"]
[Round "0"]
[White "Grycel Kamil (POL)"]
[Black "Dlugosz Jedrzej (POL)"]
[Result "0-1"]
[WhiteElo "2263"]
[BlackElo "2265"]

1.d4 d5 2.c4 c6 3.Nf3 Nf6 4.Nc3 e6 5.e3 Nbd7 6.Bd3 dxc4 7.Bxc4 b5 8.Bd3 Bb7
9.e4 b4 10.Na4 Qa5 11.O-O Ba6 12.b3 Be7 13.Nb2 Bxd3 14.Qxd3 O-O 15.Bd2 Rfd8
16.Qc2 c5 17.Nc4 Qc7 18.dxc5 Bxc5 19.Rac1 Rac8 20.Bg5 Re8 21.Qe2 Qb7 {#R} 0-1

[Event "Ch Poland (team) (1 liga)"]
[Site "masterchessopen.com Ustron (Poland)"]
[Round "0"]
[White "Szymanska Maria (POL)"]
[Black "Zembrzuska Monika (POL)"]
[Result "1-0"]
[WhiteElo "2100"]
[BlackElo "2079"]

1.d4 d5 2.c4 e6 3.Nc3 c6 4.e3 Nf6 5.Nf3 Nbd7 6.Bd3 dxc4 7.Bxc4 b5 8.Be2 Bb7
9.O-O a6 10.e4 c5 11.e5 Nd5 12.a4 b4 13.Ne4 Qc7 14.a5 Rc8 15.Re1 c4 16.Nfd2 c3
17.Nc4 cxb2 18.Bxb2 Ne3 19.Nxe3 Bxe4 20.Bxa6 Ra8 {#r} 1-0

[Event "It (open)"]
[Site "masterchessopen.com Ditzingen (Germany)"]
[Date "2003.05.30"]
[Round "5"]
[White "Wohlt Harald"]
[Black "Turski Tomasz (POL)"]
[Result "1-0"]
[WhiteElo "2117"]
[BlackElo "2091"]

1.d4 d5 2.c4 c6 3.Nc3 e6 4.Nf3 Nf6 5.e3 Nbd7 6.Bd3 dxc4 7.Bxc4 b5 8.Bb3 Bb7
9.O-O a6 10.e4 b4 11.e5 bxc3 12.exf6 Nxf6 13.bxc3 c5 14.Ba4+ Nd7 15.Ne5 Bd6
16.Nxd7 {#r} 1-0

[Event "Ch France (team) (2) 2003/04"]
[Site "masterchessopen.com France"]
[Date "2003.10.12"]
[Round "1"]
[White "Guichard Pauline (FRA)"]
[Black "Baldi Audrey-Jane (FRA)"]
[Result "1-0"]
[WhiteElo "2067"]
[BlackElo "1910"]

1.d4 d5 2.c4 c6 3.Nc3 Nf6 4.Nf3 e6 5.e3 Nbd7 6.Bd3 dxc4 7.Bxc4 b5 8.Bd3 b4
9.Ne4 Bb7 10.Nxf6+ Nxf6 11.O-O Be7 12.e4 c5 13.Bb5+ Kf8 14.e5 Nd5 15.dxc5 Bxc5
16.Ng5 Qc7 17.Qf3 Nf6 18.Qf4 h6 19.exf6 Bd6 20.Qh4 Bxh2+ 21.Kh1 gxf6 22.Nxe6+
fxe6 23.Qxf6+ Kg8 24.Qxe6+ Kh7 25.Bd3+ {#r} 1-0

[Event "Tournament \"]
[Site "masterchessopen.com Internet"]
[Date "2003.11.08"]
[Round "13"]
[White "Hummel Dirk (GER)"]
[Black "Lipecki Alexander (SUI)"]
[Result "1-0"]
[WhiteElo "2266"]
[BlackElo "2076"]

1.d4 d5 2.c4 c6 3.Nc3 Nf6 4.e3 e6 5.Nf3 Nbd7 6.Bd3 dxc4 7.Bxc4 b5 8.Be2 Be7
9.e4 b4 10.e5 bxc3 11.exf6 Bb4 12.O-O Nxf6 13.Qa4 cxb2 14.Bxb2 Be7 15.Qxc6+
Bd7 16.Qa6 Qb6 17.Qxb6 axb6 18.Ne5 O-O 19.Bf3 Ra7 20.g3 Bb5 21.Rfc1 Rc8
22.Rxc8+ {#r} 1-0

[Event "Ch France (team) (2) 2003/04"]
[Site "masterchessopen.com France"]
[Date "2003.11.15"]
[Round "2"]
[White "Loyer Angelique (FRA)"]
[Black "Bex Sophie (FRA)"]
[Result "1-0"]
[WhiteElo "2032"]
[BlackElo "1590"]

1.d4 d5 2.c4 c6 3.Nc3 Nf6 4.Nf3 Nbd7 5.e3 e6 6.Bd3 dxc4 7.Bxc4 Nb6 8.Bd3 Be7
9.O-O O-O 10.Qc2 Nbd5 11.a3 Qc7 12.e4 Nxc3 13.bxc3 e5 14.Nxe5 c5 15.Nf3 cxd4
16.e5 Ng4 17.Bxh7+ Kh8 18.cxd4 Qd8 19.Bf5 Be6 20.Bxe6 fxe6 21.Qg6 Nh6 {#r} 1-0

[Event "It"]
[Site "masterchessopen.com Alcudia (Spain)"]
[Date "2003.11.23"]
[Round "9"]
[White "Moskalenko Viktor (UKR)"]
[Black "Garcia Martinez Silvino (CUB)"]
[Result "1-0"]
[WhiteElo "2551"]
[BlackElo "2374"]

1.d4 d5 2.c4 c6 3.Nf3 Nf6 4.Nc3 e6 5.e3 Nbd7 6.Bd3 dxc4 7.Bxc4 b5 8.Bb3 b4
9.Ne2 Bb7 10.O-O Bd6 11.Nf4 O-O 12.Nxe6 fxe6 13.Ng5 Kh8 14.e4 e5 15.Ne6 Qe7
16.f4 Nxe4 17.fxe5 Rxf1+ 18.Qxf1 Nxe5 19.Qf4 Nd3 20.Qxe4 Nxc1 21.Rxc1 Re8
22.Rf1 g6 23.Re1 Qf6 24.g3 Qe7 25.Bc4 c5 26.d5 Qf6 27.b3 Bc8 {#r} 1-0

[Event "Ch France (team) (nat.3) 2003/04"]
[Site "masterchessopen.com France"]
[Date "2003.12.07"]
[Round "0"]
[White "Robichon Franck"]
[Black "Selcer Ethan (FRA)"]
[Result "1-0"]
[WhiteElo "1870"]
[BlackElo "1968"]

1.d4 d5 2.c4 c6 3.Nc3 Nf6 4.e3 e6 5.Nf3 Nbd7 6.Bd3 dxc4 7.Bxc4 b5 8.Bd3 Bb7
9.O-O a6 10.e4 c5 11.d5 c4 12.Bc2 Qc7 13.Qe2 Nc5 14.Bg5 Nfd7 15.Rad1 Bd6
16.Rfe1 f6 17.dxe6 Nxe6 18.Nd5 Qb8 19.Bh4 Ndc5 20.e5 Bxd5 21.exd6 Qxd6 22.Bg3
Qd7 23.Nd4 Kf7 24.Nxe6 Qxe6 25.Qh5+ {#r} 1-0

[Event "Ch Slovakia (team) 2003/04 (1 liga) West"]
[Site "masterchessopen.com Slovakia"]
[Round "8"]
[White "Lahucky Pavol (SVK)"]
[Black "Marko Vladimir (SVK)"]
[Result "1-0"]
[WhiteElo "2089"]
[BlackElo "2091"]

1.d4 d5 2.c4 e6 3.Nc3 Nf6 4.Nf3 c6 5.e3 Nbd7 6.Bd3 dxc4 7.Bxc4 b5 8.Bd3 Bb7
9.O-O Be7 10.e4 b4 11.Na4 Rc8 12.Bg5 O-O 13.Qe2 Qa5 14.b3 c5 15.d5 exd5 16.e5
Rfe8 17.exf6 Bxf6 18.Qc2 Bxa1 19.Bxh7+ Kf8 20.Rxa1 Qa6 21.Bf5 Qd6 22.Bxd7 Qxd7
23.Qh7 f6 24.Bxf6 {#r} 1-0

[Event "Memorial L.Rudenko (w)"]
[Site "masterchessopen.com St. Petersburg (Russia)"]
[Round "6"]
[White "Lupik Marina (RUS)"]
[Black "Borzova Asya (RUS)"]
[Result "1-0"]
[WhiteElo "2141"]
[BlackElo "1716"]

1.d4 d5 2.c4 c6 3.e3 Nf6 4.Nf3 e6 5.Nc3 Nbd7 6.Bd3 dxc4 7.Bxc4 b5 8.Bd3 Bb7
9.e4 b4 10.Na4 c5 11.e5 Nd5 12.O-O g6 13.dxc5 Bxc5 14.Nxc5 Nxc5 15.Bb5+ Kf8
16.Bh6+ Kg8 17.Rc1 Rc8 18.Qd4 Qe7 19.Rc2 Na6 20.Rxc8+ Bxc8 21.Rc1 Qb7 22.Qxa7
Nac7 23.Qc5 {#r} 1-0

[Event "Memorial L.Rudenko (w)"]
[Site "masterchessopen.com St. Petersburg (Russia)"]
[Round "2"]
[White "Lupik Marina (RUS)"]
[Black "Zakurdjaeva Irina (RUS)"]
[Result "0-1"]
[WhiteElo "2141"]
[BlackElo "2303"]

1.d4 d5 2.c4 c6 3.e3 e6 4.Nc3 Nf6 5.Nf3 Nbd7 6.Bd3 dxc4 7.Bxc4 b5 8.Bd3 Bb7
9.e4 b4 10.Na4 c5 11.e5 Nd5 12.O-O cxd4 13.Re1 Be7 14.Nxd4 Qa5 15.Bb5 Rc8
16.Bd2 a6 17.Bxd7+ Kxd7 18.a3 Rhd8 19.axb4 Bxb4 20.Nc3 Nxc3 21.Bxc3 Qd5
22.Qa4+ Kc7 23.Nf3 Bxc3 24.bxc3 Kb8 25.Reb1 Rxc3 26.Qxa6 Rc1+ {#R} 0-1

[Event "It \"]
[Site "masterchessopen.com Bunratty (Ireland)"]
[Date "2004.02.21"]
[Round "4"]
[White "D'Costa Lorin (ENG)"]
[Black "Kelly Brian (IRL)"]
[Result "1-0"]
[WhiteElo "2358"]
[BlackElo "2494"]

1.d4 d5 2.c4 c6 3.Nc3 Nf6 4.e3 e6 5.Nf3 Nbd7 6.Bd3 dxc4 7.Bxc4 b5 8.Bd3 Bb7
9.e4 b4 10.Na4 c5 11.e5 Nd5 12.O-O cxd4 13.Re1 g6 14.Bg5 Qa5 15.Nxd4 Bg7
16.Bb5 Rc8 17.Qf3 Rc7 18.Nc5 Rf8 19.Nxd7 Rxd7 20.Qh3 Qb6 21.Qxh7 {#r} 1-0

[Event "Tournament (Elo)"]
[Site "masterchessopen.com Budapest (Hungary)"]
[Date "2004.03.09"]
[Round "4"]
[White "Havaskori Laszlo (HUN)"]
[Black "Kutzner Stephen (GER)"]
[Result "0-1"]
[WhiteElo "2115"]
[BlackElo "2077"]

1.d4 d5 2.Nf3 Nf6 3.c4 e6 4.Nc3 c6 5.e3 Nbd7 6.Bd3 dxc4 7.Bxc4 b5 8.Bd3 Bb7
9.O-O a6 10.a4 b4 11.Ne2 c5 12.Ng3 Rc8 13.Qe2 Qb6 14.Rd1 Be7 15.Bd2 O-O 16.a5
Qc6 17.Rdc1 e5 18.Nf5 Rfe8 19.dxe5 Nxe5 20.Nxe7+ Rxe7 21.Bf5 Rd8 22.Bxb4 Nxf3+
23.gxf3 Rd5 24.Rxc5 Rxc5 25.e4 Rc1+ 26.Kg2 {#R} 0-1

[Event "Tournament"]
[Site "masterchessopen.com Scotland"]
[Round "0"]
[White "Morrison Graham (SCO)"]
[Black "Tweedie Steven (SCO)"]
[Result "1-0"]
[WhiteElo "2305"]
[BlackElo "2121"]

1.d4 d5 2.c4 e6 3.Nf3 Nf6 4.Nc3 c6 5.e3 Nbd7 6.Bd3 dxc4 7.Bxc4 b5 8.Bd3 Bb7
9.a3 a6 10.b4 a5 11.Rb1 Bd6 12.O-O e5 13.Qc2 Rc8 14.dxe5 Nxe5 15.Nxe5 Bxe5
16.Bf5 Ra8 17.Ne4 axb4 18.axb4 Nd5 19.f4 Bf6 20.Nxf6+ Nxf6 21.Bb2 Qe7 22.Bd4
Nd5 23.Bc5 Qf6 24.Rbd1 Bc8 25.Bxc8 Rxc8 26.e4 Qc3 27.Qa2 Ne7 28.Qa7 {#r} 1-0

[Event "Ch Russia (students)"]
[Site "masterchessopen.com Ufa (Russia)"]
[Date "2004.05.10"]
[Round "6"]
[White "Shaklein Alexander (RUS)"]
[Black "Kuznesov Andrei (RUS)"]
[Result "1-0"]
[WhiteElo "2283"]
[BlackElo "2295"]

1.d4 Nf6 2.c4 c6 3.Nc3 d5 4.Nf3 e6 5.e3 Nbd7 6.Bd3 dxc4 7.Bxc4 b5 8.Bd3 Bb7
9.e4 b4 10.Na4 c5 11.e5 Nd5 12.O-O cxd4 13.Nxd4 a6 14.Nxe6 fxe6 15.Qh5+ Ke7
16.Bg5+ N5f6 17.exf6+ gxf6 18.Rfe1 fxg5 19.Bc4 e5 20.Rad1 Qc7 21.Qf7+ Kd8
22.Qf6+ Kc8 23.Be6 Kb8 24.Rxd7 Qc6 25.Qxe5+ Ka7 26.Qd4+ {#r} 1-0

[Event "It (open) \"]
[Site "masterchessopen.com Pardubice (Czech Republic)"]
[Round "4"]
[White "Sabol Marian (CZE)"]
[Black "Petr Martin (CZE)"]
[Result "1-0"]
[WhiteElo "2358"]
[BlackElo "2278"]

1.d4 d5 2.c4 e6 3.Nc3 c6 4.e3 Nf6 5.Bd3 Nbd7 6.Nf3 dxc4 7.Bxc4 b5 8.Bd3 Bb7
9.O-O b4 10.Na4 c5 11.dxc5 Bxc5 12.Nxc5 Nxc5 13.Bb5+ Ke7 14.Nd4 Qd5 15.f3 Rhd8
16.Qe2 e5 17.Nf5+ Kf8 18.e4 Qe6 19.Be3 Na6 20.Rac1 Ne8 21.Bc4 Qg6 22.Rfd1
Rxd1+ 23.Rxd1 Qc6 24.Bb5 Qe6 25.b3 Kg8 26.Bc4 Qc8 27.Ne7+ {#r} 1-0

[Event "It (open)"]
[Site "masterchessopen.com Kiel (Germany)"]
[Date "2004.07.29"]
[Round "8"]
[White "Hoi Carsten (DEN)"]
[Black "Wiebe Patrick (GER)"]
[Result "1-0"]
[WhiteElo "2387"]
[BlackElo "2215"]

1.d4 d5 2.Nf3 c6 3.c4 e6 4.e3 Nf6 5.Nc3 Nbd7 6.Bd3 dxc4 7.Bxc4 b5 8.Bd3 Bb7
9.e4 b4 10.Na4 c5 11.e5 Nd5 12.O-O cxd4 13.Nxd4 Nxe5 14.Bb5+ Nd7 15.Qh5 g6
16.Qe2 Rc8 17.Rd1 Qe7 18.Bg5 Qxg5 19.Bxd7+ Ke7 20.Nxe6 Rc2 21.Qxc2 fxe6 22.Bc6
Bxc6 23.Qxc6 Kf7 24.Nc5 Nf4 25.Nd3 {#r} 1-0

[Event "It \"]
[Site "masterchessopen.com Aix-En-Provence (France)"]
[Date "2004.12.08"]
[Round "1"]
[White "Kazhgaleyev Murtas (KAZ)"]
[Black "Kosteniuk Alexandra (RUS)"]
[Result "1-0"]
[WhiteElo "2607"]
[BlackElo "2508"]

{ Kazhgaleyev Murtas (KAZ) +2 =0 -0 } 1.d4 { 1 } 1...d5 2.c4 c6 3.Nc3 Nf6 4.e3
e6 5.Nf3 Nbd7 6.Bd3 dxc4 7.Bxc4 b5 8.Bb3 ( 8.Bd3 Bb7 9.O-O b4 10.Ne4 Be7
11.Nxf6+ Nxf6 12.a3 bxa3 13.bxa3 O-O 14.Rb1 Qc8 15.e4 h6 16.Qe2 c5 17.dxc5
Bxc5 18.Bb2 Qd7 19.Rfc1 Rac8 20.Ne5 Qe7 21.Nc4 Ba8 22.e5 Qb7 23.Qf1 Ne4 24.Bd4
Qd5 25.Bxc5 Rxc5 26.Re1 Ng5 27.Re3 Qc6 { ...1-0, Kazhgaleyev Murtas 2531 -
Prasad Devaki V 2432 , Ubeda 1999 It (open) } ) 8...a6 { = ?! } ( 8...b4 { !?
} 9.Ne2 Bd6 10.Ng3 Ba6 { } ) 9.e4 ( 9.O-O Bb7 10.e4 c5 11.e5 c4 12.Bc2 Nd5
13.Ng5 Nxc3 14.bxc3 Be7 15.Nxe6 fxe6 16.Qh5+ g6 17.Bxg6+ hxg6 18.Qxg6+ Kf8
19.Bh6+ Rxh6 20.Qxh6+ Ke8 21.Qg6+ Kf8 22.f4 Qe8 23.Qh6+ Kg8 24.Qxe6+ Kh7
25.Rae1 Nf8 26.Qh3+ Kg8 27.Re3 Nh7 28.f5 Kh8 { ...1-0, Ivanisevic Ivan 2542 -
Mateuta Gabriel 2444 , Bar 24. 2.2004 It (open) } ) 9...b4 10.e5 bxc3 11.exf6
cxb2 ( 11...Nxf6 12.bxc3 c5 13.Ne5 Bd7 14.d5 c4 15.dxe6 Bxe6 16.Ba4+ Nd7
17.Qf3 Ra7 18.Nc6 Qa8 19.Nxa7 Qxa7 20.Be3 Qb8 21.Rd1 Qc8 22.Qe4 Be7 23.Bg5 Qd8
24.Bxe7 Qxe7 25.O-O { 1-0, O'Kelly de Galway Alberic 2460 - Van Scheltinga
Theo D 2325 , Beverwijk 1952 It } ) 12.fxg7 Bxg7 13.Bxb2 Qa5+ 14.Nd2 ( 14.Qd2
Qxd2+ 15.Kxd2 c5 16.Rab1 Bb7 17.d5 Bxb2 18.dxe6 Bg7 19.Ba4 O-O-O 20.exd7+ Kc7
{ 1/2-1/2, Zheliandinov Viktor 2410 - Polajzer Danilo 2420 , Ptuj 1998 It } )
14...c5 ( 14...O-O 15.O-O Rd8 16.Rc1 Bb7 17.Ne4 c5 18.Re1 Bxe4 19.Rxe4 cxd4
20.Rxd4 Ne5 21.Qe2 Rxd4 22.Bxd4 Rd8 23.Bc3 Qa3 24.Re1 Ng6 25.Bxg7 Kxg7 26.h4
h5 27.g3 Qb4 28.Rc1 Qd2 29.Qxd2 Rxd2 30.Rc5 Kf6 31.f4 Ne7 32.Bc2 Nd5 33.a4 Ne3
34.Be4 { ...1/2-1/2, Pedersen Nicolai Vesterbaek 2510 - Thorfinnsson Bragi
2380 , Reykjavik 11. 3.2004 It (open) } ) 15.O-O Bb7 { N } ( 15...O-O 16.Nc4 (
16.Rc1 Bb7 17.Rc3 cxd4 18.Rg3 Kh8 19.Nc4 Qc7 20.Re1 Bd5 21.Bxd4 Rg8 22.Rxg7
Rxg7 23.Bxg7+ Kxg7 24.Qd4+ f6 25.Rd1 Nf8 26.Nb6 Rd8 27.Nxd5 exd5 28.h4 Ng6
29.g3 Ne7 30.Kg2 Qe5 31.Qd2 Rd7 32.Re1 Qd6 33.Qd4 Kf7 34.Bc2 Ng6 35.h5 {
...1-0, Saemisch Friedrich 2200 - Von Holzhausen Walther, Berlin 1928 It
"Berlin Cafe Koenig" } ) 16...Qc7 17.Rc1 Bxd4 18.Bxd4 cxd4 19.Qxd4 Qa7 20.Qh4
Nc5 21.Qg5+ Kh8 22.Qf6+ Kg8 23.Nd6 Nd7 24.Qg5+ Kh8 25.Rc4 f5 26.Qe7 { 1-0,
Fairhurst William A 2300 - Michell Reginald, London 1932 Ch Great Britain } )
16.Nc4 Qc7 17.d5 Bxb2 18.dxe6 { ? } ( { ? } 18.Nxb2 O-O-O 19.d6 Qc6 20.f3 { }
) 18...fxe6 { ? } ( { ? } 18...Bxa1 19.exd7+ Kf8 20.Qh5 Rg8 { } ) 19.Qh5+ Ke7
20.Nxb2 Nf6 { ? } ( { ? } 20...Qe5 21.Qxe5 Nxe5 22.Rfe1 c4 { } ) 21.Qh3 Nd5 {
?! } ( 21...Bd5 { !? } 22.Rfe1 Kf8 23.Rac1 Rg8 { } ) 22.Rfe1 Qc6 23.Nd3 Rag8
24.Bxd5 Qxd5 25.Nf4 Rxg2+ 26.Qxg2 Qxg2+ 27.Nxg2 Rg8 28.f3 { } {#r} 1-0

[Event "Ch France (team) (nat.2) 2004/05"]
[Site "masterchessopen.com France"]
[Round "5"]
[White "Renaudin Mathieu (FRA)"]
[Black "Medghoul Sherif (FRA)"]
[Result "1-0"]
[WhiteElo "2195"]
[BlackElo "2248"]

1.Nf3 Nf6 2.c4 e6 3.d4 d5 4.e3 c6 5.Nc3 Nbd7 6.Bd3 dxc4 7.Bxc4 b5 8.Bd3 Bd6
9.O-O O-O 10.a4 b4 11.Ne4 Be7 12.a5 Nxe4 13.Bxe4 Ba6 14.Bxc6 Bxf1 15.Kxf1 Rc8
16.Qa4 Rc7 17.e4 Qc8 18.d5 Nc5 19.Qxb4 Nxe4 20.Qxe4 exd5 21.Bxd5 Rxc1+ 22.Rxc1
Qxc1+ 23.Ne1 Bf6 24.b3 Bc3 25.a6 Rd8 26.Bxf7+ Kxf7 27.Qc4+ Kf8 {#r} 1-0

[Event "It (open)"]
[Site "masterchessopen.com Sevilla (Spain)"]
[Date "2005.01.15"]
[Round "9"]
[White "Alonso Rene (CUB)"]
[Black "Hilarius Sander (NED)"]
[Result "1-0"]
[WhiteElo "2392"]
[BlackElo "2236"]

1.d4 d5 2.c4 e6 3.Nc3 Nf6 4.Nf3 c6 5.e3 Nbd7 6.Bd3 dxc4 7.Bxc4 b5 8.Bd3 b4
9.Na4 Bb7 10.O-O c5 11.dxc5 Nxc5 12.Bb5+ Ncd7 13.Ne5 a6 14.Bxd7+ Nxd7 15.Nxd7
Qc7 16.Nxf8 {#r} 1-0

[Event "Landesliga 2004/05"]
[Site "masterchessopen.com Mecklenburg-Vorpommern (Germany)"]
[Date "2005.04.10"]
[Round "8"]
[White "Kell Klaus"]
[Black "Hasselmann Dieter (GER)"]
[Result "0-1"]
[WhiteElo "2008"]
[BlackElo "2150"]

1.d4 d5 2.c4 c6 3.Nc3 Nf6 4.e3 e6 5.Nf3 Nbd7 6.Bd3 dxc4 7.Bxc4 b5 8.Bd3 Bb7
9.O-O a6 10.Re1 c5 11.dxc5 Nxc5 12.Be2 Qc7 13.Bd2 Rd8 14.Qc1 Bd6 15.h3 O-O
16.Rd1 b4 17.Nb1 a5 18.a3 Qb8 19.Qc2 Be4 20.Qc4 Bd5 21.Qh4 Nb3 22.axb4 Bxf3
23.Bxf3 Nxa1 24.Bc3 Be5 {#R} 0-1

[Event "It (open)"]
[Site "masterchessopen.com Essen (Germany)"]
[Date "2005.05.06"]
[Round "4"]
[White "Mueller Martin (GER)"]
[Black "Kuipers Dustin (GER)"]
[Result "1-0"]
[WhiteElo "2106"]
[BlackElo "2005"]

1.d4 d5 2.Nf3 Nf6 3.c4 c6 4.Nc3 e6 5.e3 Nbd7 6.Bd3 dxc4 7.Bxc4 b5 8.Bd3 Bb7
9.O-O a6 10.e4 c5 11.e5 cxd4 12.Nxb5 Bxf3 13.Qxf3 Nxe5 14.Qxa8 Qxa8 15.Nc7+
Kd8 16.Nxa8 Nxd3 17.Rd1 Bc5 18.Rxd3 Kd7 19.Be3 e5 20.Rc1 {#r} 1-0